000 00510nam a2200181Ia 4500
001 9496
005 20260306161722.0
008 260306t1998||||xx |||||||||||||| ||spa||
041 _aESP
082 _a379.8
_bA62
100 _aAnsión, Juan
_eAUT
245 0 _aEducación:
_bla mejor herencia: decisiones educativas y expectativas de los padres de familia. Una aproximación empírica
260 _c1998
300 _a684 páginas :
_c20 cm.
650 _aGEN
654 _aCED
942 _cLIB
_dJUS
_fJUS
_2ddc
_n
999 _c9496
_d9496